000 01409cab a2200181 4500
001 ##L131234
008 051010n2005 000 0 eng u
035 _a(Sirsi) u131234
041 0 _aeng
100 1 _aMorris, Huw
245 0 0 _aWhitehall steps up electronic upgrade
260 3 _c2005
490 _aPlanning (for the Natural and Built Environment)
_v(1638) 30 September 2005, 14-17(3)
520 _aInvestigates e-planning which is top of the modernising planning agenda and is at the centre of the Gershon drive for great public service efficiency and the local e-government strategy. Government has set e-targets for the key segments of the planning service and next year's planning delivery grant will be distributed largely according to how successfully local planning authorities have implemented online planning services. The e-planning strategy aims to benefit all of the planning system's stakeholders. Gives an overview of the planning system nationally, its throughput and the scale of costs associated with it. Describes government efforts to improve e-planning quality including the Planning Portal's self-assessment scheme for planning authorities and points to innovations arriving in the near future such as the single national planning application form.
590 _aIKA111005
690 _aENVIRONMENTAL AND LAND CONSULTANCY-PLANNING AND DEVELOPMENT-PLANNING REFORM
942 _n0
999 _c75994
_d75994